[Event "AUT-ch"]
[Site "Vienna"]
[Date "2022.08.15"]
[Round "4"]
[White "Spiesberger, Gerhard"]
[Black "Tumanyan, Gor"]
[Result "1/2-1/2"]
[WhiteElo "1972"]
[BlackElo "2008"]
[PlyCount "30"]
[EventDate "2022.08.12"]
[EventType "swiss"]
[EventRounds "9"]
[EventCountry "AUT"]
[SourceTitle "CBM 209 Extra"]
[Source "ChessBase"]
[SourceDate "2022.09.30"]
[SourceVersion "1"]
[SourceVersionDate "2022.09.30"]
[SourceQuality "1"]

1. Nf3 c5 2. g3 b6 3. Bg2 Bb7 4. c3 e6 5. d4 cxd4 6. cxd4 Nf6 7. 0-0 Be7 8. Nc3 0-0 9. Bg5 d6 10. Bxf6 Bxf6 11. Qd3 g6 12. Rac1 a6 13. Nd2 Bxg2 14. Kxg2 b5 15. Nce4 Be7 1/2-1/2

[Event "AUT-ch"]
[Site "Vienna"]
[Date "2022.08.14"]
[Round "3"]
[White "Ernst, Robert"]
[Black "Spiesberger, Gerhard"]
[Result "1-0"]
[WhiteElo "2097"]
[BlackElo "1972"]
[PlyCount "53"]
[EventDate "2022.08.12"]
[EventType "swiss"]
[EventRounds "9"]
[EventCountry "AUT"]
[SourceTitle "CBM 209 Extra"]
[Source "ChessBase"]
[SourceDate "2022.09.30"]
[SourceVersion "1"]
[SourceVersionDate "2022.09.30"]
[SourceQuality "1"]

1. d4 e6 2. c4 f5 3. Nc3 Nf6 4. Bg5 Be7 5. g3 0-0 6. Bg2 d6 7. Nf3 Qe8 8. 0-0 Qh5 9. Qc2 Nc6 10. Rad1 e5 11. dxe5 Nxe5 12. Bf4 Nxf3+ 13. Bxf3 Ng4 14. h4 g5 15. Nd5 Bd8 16. Bxg4 Qxg4 17. Bxg5 Bxg5 18. hxg5 Qxg5 19. Nxc7 f4 20. Qd3 Bh3 21. Nxa8 Bxf1 22. Rxf1 Rxa8 23. Qxd6 Rd8 24. Qxf4 Qc5 25. b3 b5 26. cxb5 Rf8 27. Qc4+ 1-0

[Event "Landesliga Sued 1920"]
[Site "Bayern"]
[Date "2020.03.01"]
[Round "7.8"]
[White "Spiesberger, Gerhard"]
[Black "Lipinsky, Pierre"]
[Result "1-0"]
[WhiteElo "1997"]
[BlackElo "1330"]
[PlyCount "100"]
[EventDate "2019.09.29"]
[EventType "team-tourn"]
[EventRounds "9"]
[EventCountry "GER"]
[SourceTitle "EXT 2021"]
[Source "ChessBase"]
[SourceDate "2020.10.23"]
[SourceVersion "1"]
[SourceVersionDate "2020.10.23"]
[SourceQuality "1"]
[WhiteTeam "Rottal Inn"]
[BlackTeam "Muenchen Tarrasch"]
[WhiteTeamCountry "GER"]
[BlackTeamCountry "GER"]

1. e4 e5 2. d4 exd4 3. Qxd4 Qe7 4. Nc3 Nc6 5. Qe3 Nf6 6. Nf3 d6 7. Bb5 Bd7 8. 0-0 a6 9. Bd3 Bg4 10. Nd4 Nxd4 11. Qxd4 c5 12. Qa4+ Bd7 13. Bb5 0-0-0 14. Bxd7+ Qxd7 15. Bg5 Be7 16. Qxd7+ Rxd7 17. Bxf6 Bxf6 18. Nd5 Bd8 19. Rfd1 Re8 20. f3 Kb8 21. Rd2 Ba5 22. c3 Re5 23. Rad1 Re6 24. g3 b5 25. Nf4 Rf6 26. e5 Rh6 27. exd6 c4 28. Kg2 g5 29. Nh3 Bd8 30. Rd5 Rg6 31. Nf2 h5 32. Ne4 h4 33. g4 Rh6 34. Re5 Re6 35. Rxe6 fxe6 36. Nc5 Rf7 37. Nxe6 Rd7 38. Nc5 Ra7 39. d7 Ra8 40. Ne6 Kb7 41. Nxd8+ Rxd8 42. Kf2 Kc7 43. Ke3 a5 44. Ke4 b4 45. Rd4 Rxd7 46. Rxd7+ Kxd7 47. cxb4 axb4 48. Kd4 b3 49. a4 Kc6 50. Kxc4 Kb6 1-0

[Event "AUT-chT2W 1819"]
[Site "Austria"]
[Date "2019.03.09"]
[Round "10.1"]
[White "Doskocil, Klaus"]
[Black "Spiesberger, Gerhard"]
[Result "1-0"]
[WhiteElo "2178"]
[BlackElo "2076"]
[PlyCount "53"]
[EventDate "2018.10.12"]
[EventType "team-tourn"]
[EventRounds "11"]
[EventCountry "AUT"]
[SourceTitle "CBM 189 Extra"]
[Source "ChessBase"]
[SourceDate "2019.06.03"]
[SourceVersion "1"]
[SourceVersionDate "2019.06.03"]
[SourceQuality "1"]
[WhiteTeam "Pradl"]
[BlackTeam "Ranshofen"]
[WhiteTeamCountry "AUT"]
[BlackTeamCountry "AUT"]

1. d4 d6 2. e4 e5 3. Nc3 Be7 4. Nge2 Bf6 5. Be3 exd4 6. Nxd4 Nc6 7. Be2 Nge7 8. 0-0 0-0 9. f4 Bd7 10. Nf3 Re8 11. Qd2 Ng6 12. Bd3 Nf8 13. Rfd1 Bg4 14. Qf2 Bxf3 15. Qxf3 Bd4 16. Bxd4 Nxd4 17. Qf2 Nde6 18. e5 f6 19. Bc4 Kh8 20. f5 Ng5 21. h4 Rxe5 22. hxg5 fxg5 23. f6 g6 24. Qd4 h6 25. Re1 Nd7 26. f7 Qf8 27. Be6 1-0

[Event "AUT-ch"]
[Site "Vienna"]
[Date "2018.07.24"]
[Round "4"]
[White "Spiesberger, Gerhard"]
[Black "Berger, Tobias"]
[Result "1/2-1/2"]
[WhiteElo "2058"]
[BlackElo "1957"]
[PlyCount "86"]
[EventDate "2018.07.22"]
[EventType "swiss"]
[EventRounds "9"]
[EventCountry "AUT"]
[SourceTitle "CBM 185 Extra"]
[Source "ChessBase"]
[SourceDate "2018.07.29"]
[SourceVersion "1"]
[SourceVersionDate "2018.07.29"]
[SourceQuality "1"]

1. e4 Nf6 2. Nc3 d5 3. d3 Nc6 4. Bg5 d4 5. Nce2 h6 6. Bd2 e5 7. Ng3 g6 8. Be2 Bd6 9. Nf3 Nd7 10. 0-0 Nf8 11. Ne1 Ne6 12. Bg4 Nf4 13. Bxc8 Qxc8 14. Qf3 Qe6 15. c3 0-0-0 16. Nc2 g5 17. Bxf4 exf4 18. Nf5 Be5 19. c4 h5 20. Qe2 Ne7 21. Nxe7+ Qxe7 22. b4 g4 23. f3 Rdg8 24. a4 Qd7 25. Ne1 f6 26. Kh1 h4 27. fxg4 h3 28. gxh3 Rxh3 29. Rg1 Rgh8 30. Nf3 Rxh2+ 31. Qxh2 Rxh2+ 32. Kxh2 Qe7 33. Rab1 Qh7+ 34. Kg2 Qd7 35. Nxe5 fxe5 36. Kf3 Qxa4 37. g5 Qc2 38. g6 Qxd3+ 39. Kg4 Qxe4 40. g7 Qg6+ 41. Kf3 Qd3+ 42. Kg4 Qg6+ 43. Kf3 Qd3+ 1/2-1/2

[Event "Faroes op"]
[Site "Sandavagur"]
[Date "2018.07.11"]
[Round "6"]
[White "Greenfeld, Alon"]
[Black "Spiesberger, Gerhard"]
[Result "1-0"]
[WhiteElo "2496"]
[BlackElo "2058"]
[PlyCount "79"]
[EventDate "2018.07.07"]
[EventType "swiss"]
[EventRounds "9"]
[EventCountry "FAI"]
[SourceTitle "CBM 185 Extra"]
[Source "ChessBase"]
[SourceDate "2018.07.29"]
[SourceVersion "1"]
[SourceVersionDate "2018.07.29"]
[SourceQuality "1"]

1. Nf3 d6 2. d4 Nc6 3. c4 e5 4. Nc3 Be7 5. d5 Nb8 6. e4 Nf6 7. h3 0-0 8. Be3 a6 9. Be2 Nbd7 10. g4 Re8 11. Qd2 Nf8 12. g5 N6d7 13. h4 Nb6 14. Rg1 Bd7 15. 0-0-0 Na4 16. h5 b5 17. Nxa4 bxa4 18. Qc3 Qc8 19. Nh4 a5 20. f4 Qb7 21. Bd2 Rab8 22. h6 Qb4 23. hxg7 Ng6 24. Nxg6 fxg6 25. Rdf1 exf4 26. Rxf4 c6 27. Qd4 c5 28. Qc3 Rb7 29. Rh4 Reb8 30. Qxb4 Rxb4 31. Bc3 a3 32. b3 a4 33. Bd1 axb3 34. axb3 Rxb3 35. Bxb3 Rxb3 36. Kd2 a2 37. Rhh1 Rxc3 38. Kxc3 a1Q+ 39. Rxa1 Bxg5 40. Ra8+ 1-0

[Event "Pfarrkirchen Rottal op 2nd"]
[Site "Pfarrkirchen"]
[Date "2018.03.30"]
[Round "1"]
[White "Gottwald, Helmut"]
[Black "Spiesberger, Gerhard"]
[Result "0-1"]
[WhiteElo "1569"]
[BlackElo "2034"]
[PlyCount "105"]
[EventDate "2018.03.30"]
[EventType "swiss"]
[EventRounds "7"]
[EventCountry "GER"]
[SourceTitle "CBM 183 Extra"]
[Source "ChessBase"]
[SourceDate "2018.04.19"]
[SourceVersion "1"]
[SourceVersionDate "2018.04.19"]
[SourceQuality "1"]

1. e4 d6 2. d4 e5 3. dxe5 dxe5 4. Qxd8+ Kxd8 5. Bd3 Be6 6. Ne2 f6 7. Be3 Nd7 8. Nd2 Bc5 9. Bxc5 Nxc5 10. 0-0 Ne7 11. Nc3 c6 12. Bc4 Kc7 13. Bxe6 Nxe6 14. Nb3 Rad8 15. Rfd1 b5 16. Rxd8 Rxd8 17. Rd1 Rxd1+ 18. Nxd1 Kb6 19. c3 c5 20. f3 c4 21. Nc1 a5 22. Kf2 Kc5 23. Ke3 b4 24. Ke2 Nc7 25. Ke3 Nb5 26. Ne2 g6 27. Kf2 f5 28. Ke3 f4+ 29. Kf2 Nc8 30. Ke1 Nb6 31. Kd2 Na4 32. Kc1 Kd6 33. Kd2 Nc5 34. Nf2 h5 35. Kc1 Nd3+ 36. Nxd3 cxd3 37. Nxf4 exf4 38. c4 Na7 39. Kd2 Kc5 40. Kxd3 Nc6 41. b3 Ne5+ 42. Kc2 Kd4 43. Kd2 h4 44. Ke2 Kc3 45. Kf2 Kb2 46. g3 hxg3+ 47. hxg3 g5 48. gxf4 gxf4 49. Ke2 Kxa2 50. c5 Kxb3 51. c6 Nxc6 52. Kd3 a4 53. e5 0-1

[Event "Landesliga Sued 1718"]
[Site "Bayern"]
[Date "2018.02.04"]
[Round "6.7"]
[White "Broschwitz, Martin"]
[Black "Spiesberger, Gerhard"]
[Result "0-1"]
[WhiteElo "2029"]
[BlackElo "2049"]
[PlyCount "84"]
[EventDate "2017.10.22"]
[EventType "team-tourn"]
[EventRounds "9"]
[EventCountry "GER"]
[SourceTitle "EXT 2022"]
[Source "ChessBase"]
[SourceDate "2021.10.06"]
[SourceVersion "1"]
[SourceVersionDate "2021.10.06"]
[SourceQuality "1"]
[WhiteTeam "Unterhaching"]
[BlackTeam "Rottal Inn"]
[WhiteTeamCountry "GER"]
[BlackTeamCountry "GER"]

1. d4 d6 2. c4 e5 3. dxe5 dxe5 4. Qxd8+ Kxd8 5. Nf3 f6 6. e3 Bb4+ 7. Bd2 Bxd2+ 8. Nbxd2 c6 9. c5 Be6 10. Bc4 Bxc4 11. Nxc4 Nh6 12. b4 Nf7 13. Ke2 Na6 14. a3 Kc7 15. Rad1 Rad8 16. h4 b6 17. cxb6+ axb6 18. h5 b5 19. Na5 Kb6 20. Nb3 c5 21. bxc5+ Nxc5 22. Nxc5 Kxc5 23. Rc1+ Kb6 24. Rh4 Ra8 25. Rc3 Ra7 26. Nd2 Rha8 27. Rb4 Rxa3 28. Rxa3 Rxa3 29. Rg4 Ng5 30. f4 exf4 31. Rxf4 Ra4 32. h6 Ne6 33. Rf2 Rg4 34. hxg7 Rxg7 35. Rxf6 Rxg2+ 36. Kd3 Rg6 37. Rf5 Nc5+ 38. Kc2 Re6 39. Rh5 Rxe3 40. Rxh7 Re2 41. Kc3 Re3+ 42. Kb4 Na6# 0-1

[Event "AUT-ch"]
[Site "Graz"]
[Date "2017.08.17"]
[Round "6"]
[White "Legenstein, Robert"]
[Black "Spiesberger, Gerhard"]
[Result "1/2-1/2"]
[WhiteElo "2067"]
[BlackElo "2016"]
[PlyCount "123"]
[EventDate "2017.08.12"]
[EventType "swiss"]
[EventRounds "9"]
[EventCountry "AUT"]
[SourceTitle "CBM 180 Extra"]
[Source "ChessBase"]
[SourceDate "2017.10.06"]
[SourceVersion "1"]
[SourceVersionDate "2017.10.06"]
[SourceQuality "1"]

1. e4 d5 2. exd5 Qxd5 3. Nc3 Qd8 4. d4 Nf6 5. Nf3 Bg4 6. h3 Bxf3 7. Qxf3 c6 8. Be3 e6 9. Bd3 Nbd7 10. 0-0 Qc7 11. Rfe1 Bd6 12. a3 0-0 13. Bg5 h6 14. Bd2 Rfd8 15. Ne4 Nxe4 16. Rxe4 Nf6 17. Rh4 Be7 18. Bf4 Qb6 19. Qg3 Kf8 20. Re1 Nd5 21. Rg4 Nxf4 22. Rxg7 Bg5 23. Rh7 Nxd3 24. cxd3 Qxd4 25. Re4 Qxd3 26. Qxd3 Rxd3 27. Rh8+ Ke7 28. Rxa8 Rd1+ 29. Kh2 Rd2 30. Rxa7 Rxb2 31. Rb4 Rxf2 32. Rbxb7+ Kd6 33. Rxf7 Ra2 34. h4 Bxh4 35. Rfd7+ Kc5 36. Rd3 Bg5 37. Kg3 Ra1 38. Rc3+ Kb6 39. Ra8 Bd2 40. Rb3+ Kc5 41. Rd3 Ra2 42. Kf3 e5 43. Ra4 Bg5 44. Rc3+ Kd5 45. g3 Ra1 46. Rd3+ Kc5 47. Rb3 Kd5 48. Rd3+ Kc5 49. Ke4 Bf6 50. Rc3+ Kd6 51. Ra6 Re1+ 52. Kf5 Rf1+ 53. Kg4 Kd5 54. Raxc6 Bg5 55. R6c5+ Kd4 56. R5c4+ Kd5 57. Ra4 e4 58. Rc8 e3 59. Re8 Ra1 60. Kf3 Rf1+ 61. Kg4 Ra1 62. Kf3 1/2-1/2

[Event "Landesliga Sued 1617"]
[Site "Bayern"]
[Date "2016.11.20"]
[Round "2.7"]
[White "Giss, Arthur"]
[Black "Spiesberger, Gerhard"]
[Result "1/2-1/2"]
[WhiteElo "2006"]
[BlackElo "2008"]
[PlyCount "123"]
[EventDate "2016.10.16"]
[EventType "team-tourn"]
[EventRounds "9"]
[EventCountry "GER"]
[SourceTitle "EXT 2019"]
[Source "ChessBase"]
[SourceDate "2018.10.10"]
[SourceVersion "1"]
[SourceVersionDate "2018.10.10"]
[SourceQuality "1"]
[WhiteTeam "Dillingen"]
[BlackTeam "Rottal"]
[WhiteTeamCountry "GER"]
[BlackTeamCountry "GER"]

1. e4 d5 2. exd5 Qxd5 3. Nc3 Qd8 4. d4 Nf6 5. Nf3 Bg4 6. Be3 e6 7. a3 c6 8. h3 Bxf3 9. Qxf3 Bd6 10. 0-0-0 Nbd7 11. Bc4 Nb6 12. Bb3 Nbd5 13. Ne4 Nxe4 14. Qxe4 b5 15. Qg4 Qf6 16. Rhe1 0-0 17. g3 a5 18. Qg5 Qxg5 19. Bxg5 a4 20. Bxd5 cxd5 21. c3 Rfc8 22. Kd2 Rc6 23. Kd3 Rac8 24. Bd2 Be7 25. Re2 f5 26. Rde1 Kf7 27. f4 h6 28. g4 Bh4 29. Rf1 g6 30. Rg2 Be7 31. Ke2 Rg8 32. Kf3 g5 33. gxf5 exf5 34. Re1 Re6 35. Re5 Rxe5 36. dxe5 gxf4 37. e6+ Kf8 38. Bxf4 Rxg2 39. Kxg2 Bg5 40. Bd6+ Ke8 41. Kf3 Bc1 42. Bb4 Bxb2 43. Kf4 d4 44. cxd4 Bxd4 45. Kxf5 Bg7 46. Ke4 Bf8 47. Bxf8 Kxf8 48. Kd5 Ke7 49. Kc5 Kxe6 50. Kxb5 Kd5 51. Kxa4 Kc4 52. h4 h5 53. Ka5 Kc5 54. a4 Kc6 55. Kb4 Kb6 56. Kc4 Ka5 57. Kd4 Kxa4 58. Ke5 Kb5 59. Kf5 Kc6 60. Kg5 Kd7 61. Kxh5 Ke8 62. Kg6 1/2-1/2

[Event "Vienna op-A"]
[Site "Vienna"]
[Date "2016.08.16"]
[Round "1"]
[White "Leenhouts, Koen"]
[Black "Spiesberger, Gerhard"]
[Result "1/2-1/2"]
[WhiteElo "2491"]
[BlackElo "2063"]
[PlyCount "120"]
[EventDate "2016.08.16"]
[EventType "swiss"]
[EventRounds "9"]
[EventCountry "AUT"]
[SourceTitle "CBM 173 Extra"]
[Source "ChessBase"]
[SourceDate "2016.08.29"]
[SourceVersion "1"]
[SourceVersionDate "2016.08.29"]
[SourceQuality "1"]

1. d4 d6 2. Nf3 Nc6 3. g3 e5 4. Bg2 Be7 5. 0-0 Nf6 6. d5 Nb8 7. c4 0-0 8. Nc3 Bg4 9. h3 Bxf3 10. exf3 Nbd7 11. f4 exf4 12. Bxf4 Ne5 13. c5 Ng6 14. cxd6 Bxd6 15. Be3 a6 16. Qb3 b6 17. Ne2 Qd7 18. Nd4 Rfe8 19. Rfe1 Ne7 20. Bg5 Nf5 21. Bxf6 gxf6 22. Nc6 Ng7 23. Qc3 Qf5 24. Nd4 Qg6 25. Nf3 Rxe1+ 26. Rxe1 Re8 27. Rxe8+ Nxe8 28. Bf1 Bc5 29. Kg2 Qe4 30. Bxa6 Qxd5 31. Bc4 Qe4 32. Bd3 Qd5 33. Qc2 Qxa2 34. Bxh7+ Kf8 35. h4 Nd6 36. h5 Nc4 37. b3 Qxc2 38. Bxc2 Ne5 39. Nd2 Kg7 40. f3 Nc6 41. g4 Nd4 42. Bd1 Bd6 43. Nc4 Bf4 44. Nb2 f5 45. Nd3 Bd2 46. Ne5 Kf6 47. Nc4 Bf4 48. Kf2 fxg4 49. fxg4 Kg5 50. Ne3 f5 51. Nd5 Be5 52. gxf5 Nxf5 53. Kf3 Ng7 54. Ke4 Bd6 55. Be2 Nxh5 56. Bxh5 Kxh5 57. Kf5 b5 58. Nc3 c6 59. Ke6 Bb4 60. Na2 Ba3 1/2-1/2

[Event "AUT-ch"]
[Site "St Johann im Pongau"]
[Date "2016.07.30"]
[Round "8"]
[White "Spiesberger, Gerhard"]
[Black "Mostbauer, Maximilian"]
[Result "1/2-1/2"]
[WhiteElo "2063"]
[BlackElo "2184"]
[PlyCount "60"]
[EventDate "2016.07.23"]
[EventType "swiss"]
[EventRounds "9"]
[EventCountry "AUT"]
[SourceTitle "CBM 173 Extra"]
[Source "ChessBase"]
[SourceDate "2016.08.29"]
[SourceVersion "1"]
[SourceVersionDate "2016.08.29"]
[SourceQuality "1"]

1. Nf3 Nf6 2. c4 g6 3. g3 Bg7 4. Bg2 0-0 5. 0-0 d6 6. Nc3 e5 7. d3 Nc6 8. Rb1 a5 9. a3 Bd7 10. b4 axb4 11. axb4 Qc8 12. Bg5 Re8 13. Qd2 Nd4 14. Bxf6 Bxf6 15. Nd5 Bg7 16. b5 Nxf3+ 17. Bxf3 Be6 18. Qg5 Bxd5 19. Bxd5 c6 20. bxc6 bxc6 21. Bg2 Qc7 22. Qe3 Reb8 23. h3 Rb7 24. Qd2 Rab8 25. Qc2 Rxb1 26. Rxb1 Rxb1+ 27. Qxb1 Bf6 28. Bf1 Kg7 29. Bg2 c5 30. Kf1 Qe7 1/2-1/2

[Event "AUT-ch"]
[Site "St Johann im Pongau"]
[Date "2016.07.29"]
[Round "7"]
[White "Hoellrigl, Wilfried"]
[Black "Spiesberger, Gerhard"]
[Result "0-1"]
[WhiteElo "2165"]
[BlackElo "2063"]
[PlyCount "100"]
[EventDate "2016.07.23"]
[EventType "swiss"]
[EventRounds "9"]
[EventCountry "AUT"]
[SourceTitle "CBM 173 Extra"]
[Source "ChessBase"]
[SourceDate "2016.08.29"]
[SourceVersion "1"]
[SourceVersionDate "2016.08.29"]
[SourceQuality "1"]

1. e4 e5 2. Nf3 Nc6 3. Bb5 Nge7 4. 0-0 g6 5. c3 Bg7 6. Re1 0-0 7. d4 exd4 8. cxd4 d6 9. h3 a6 10. Ba4 b5 11. Bb3 Na5 12. Bc2 c5 13. Nc3 Bb7 14. Bg5 Qc7 15. e5 Nec6 16. Nd5 Qc8 17. exd6 cxd4 18. Nb6 Qb8 19. Nxa8 Bxa8 20. Bf4 Nc4 21. b3 Nxd6 22. Bd3 Qd8 23. Qd2 Ne7 24. Ng5 Nd5 25. Ne4 Nf5 26. Bg5 Qb6 27. Rac1 h6 28. Bf4 g5 29. Bh2 Nh4 30. Nc5 Nc3 31. Ne4 f5 32. Nxg5 hxg5 33. Qxg5 Qg6 34. Qxg6 Nxg6 35. Re6 Be4 36. Bf1 Rf6 37. Rxf6 Bxf6 38. f3 d3 39. Rxc3 Bxc3 40. fxe4 Bd4+ 41. Kh1 fxe4 42. g4 Kf7 43. Bg3 Ke6 44. Kg2 Ne5 45. Bxe5 Kxe5 46. Kg3 Be3 47. h4 Bf4+ 48. Kf2 Kd4 49. g5 Kc3 50. g6 Bh6 0-1